000 00650cab a2200229 4500
001 WB3110-57
008 090401t1995 xxu||||| |||| 00| 0 eng d
035 _a(Sirsi) u22874
041 _aeng
245 _aMotorway pricing to be rethought
260 _c1995
350 _a0
490 _aIndependent
_v6 March 1995, 1(1)
520 _aPlans to introduce road pricing on motorways by 1998 has been abandoned as unworkable and policy is to be rethought.
650 _aMOTORWAYS
650 _aROAD PRICING
650 _aTOLL ROADS
650 _aTRUNK ROADS
690 _aTRANSPORT AND COMMUNICATIONS
942 _n0
948 _c04/03/1997
999 _c15335
_d15335